NEUROLOGICKÁ PROPEDEUTIKA

Bibliographic Details
Main Author: Černáček, Jozef (Author)
Format: Article
Language:Slovak

MARC

LEADER 00000nab a2200000ua 4500
001 vtls010774069
003 SK-MaSNL
005 20260303123404.0
008 230214s1964 xo |||||||||||||||||slo|
035 |a (urnnbn)urn:nbn:sk:snk:ar-a03839 
035 |a (uuid)36b5daaf-d037-43fb-83fa-f951939ccaae 
035 |a urn:nbn:sk:snk-ab54ob 
040 |a SNKBUCL  |b slo  |c SNKBUCL  |e AACR2 
041 0 |a slo 
044 |a xo  |c SK 
100 1 |a Černáček, Jozef  |4 aut  |9 1119628 
245 1 0 |a NEUROLOGICKÁ PROPEDEUTIKA  |c Jozef Černáček 
773 0 |t Bratislavské lekárske listy  |g Roč. 44, č. 2 (1964), s. [128b] 
954 |a odborná, vedecká literatúra pôvodná (slovenská)  |2 lita 
958 |a OND 
958 |a EUIPO 
958 |a article3 
999 |c 1925596  |d 1927526